Použitie fuzzy logiky v risk manažmente

Koncept a definícia rizika. Štatistické metódy na hodnotenie rizika. Možnosti použitia fuzzy logiky pri rozhodovacích procesoch v oblasti risk manažmentu.

Guardado en:
Detalles Bibliográficos
Autor principal: Strešňáková, Anna, 1976-
Formato: Capítulo de libro
Lenguaje:eslovaco
Materias:
Etiquetas: Agregar Etiqueta
Sin Etiquetas, Sea el primero en etiquetar este registro!

MARC

LEADER 00000naa$a2200000$$$4500
001 0270230
005 20240502074231.3
041 0 |a slo 
044 |a SK 
245 1 0 |a Použitie fuzzy logiky v risk manažmente  |c Anna Strešňáková 
520 |a Koncept a definícia rizika. Štatistické metódy na hodnotenie rizika. Možnosti použitia fuzzy logiky pri rozhodovacích procesoch v oblasti risk manažmentu. 
610 2 0 |a poisťovníctvo 
610 2 0 |a riadenie rizík 
610 2 0 |a logika 
610 2 0 |a riziko 
100 1 |a Strešňáková, Anna, 1976-